000 00499cam a2200169 a 4500
020 _a8173870985
040 _cDLC
082 0 0 _a633 IND 1999 C163 Or.
100 1 _aChauhan, Narain Singh,
245 1 0 _aMedicinal and aromatic plants of Himachal Pradesh /
260 _aNew Delhi :
_bIndus Pub. Co.,
_cc1999.
300 _a632 p., [48] p. of plates :
_bill. (some col.) ;
_c22 cm.
650 0 _aMedicinal plants
650 0 _aAromatic plants
650 0 _aMateria medica, Vegetable
942 _cEK
999 _c19189
_d19189